000 00317pab a2200133 454500
008 180718b1983 xxu||||| |||| 00| 0 eng d
100 _aKhoshoo, T.N.
245 _aIndia's environmental concerns
260 _c1983
300 _aXI-XV
650 _aEnvironmental Policy - India
773 _aMazingira
909 _a7782
999 _c7782
_d7782